Телекоммуникационные сети и устройства: учебное пособие

Մատենագիտական մանրամասներ
Հիմնական հեղինակ: Берлин А. Н. Александр Наумович
Ամփոփում:Данная книга является отдельной частью серии книг автора, посвященной вопросам телекоммуникаций. В книге изложены основные вопросы работающих сегодня сетей и станций. Это — общедоступная сеть, интеллектуальные сети, сети ОКС. В них включено описание коммутационных полей, архитектура станций, алгоритмы и принципы построения программного обеспечения, сигнализация. Рассмотрены основные принципы технической эксплуатации, синхронизации сетей и станций, обеспечение электропитания. Книга предназначена для организации курсов Интернет-образования, а также для преподавателей, студентов и аспирантов, разработчиков программного и аппаратного обеспечения.
Լեզու:ռուսերեն
Հրապարակվել է: Москва, Бином ЛЗ, 2008
Շարք:Основы информационных технологий
Խորագրեր:
Ձևաչափ: MixedMaterials Գիրք
KOHA link:https://koha.lib.tpu.ru/cgi-bin/koha/opac-detail.pl?biblionumber=151472

MARC

LEADER 00000nam0a2200000 4500
001 151472
005 20231101221549.0
010 |a 9785947748963 
035 |a (RuTPU)RU\TPU\book\164238 
090 |a 151472 
100 |a 20090123d2008 m y0rusy50 ca 
101 0 |a rus 
102 |a RU 
105 |a a j 001zy 
200 1 |a Телекоммуникационные сети и устройства  |e учебное пособие  |f А. Н. Берлин 
210 |a Москва  |c Бином ЛЗ  |c Интернет-Университет информационных технологий  |d 2008 
215 |a 319 с.  |c ил. 
225 1 |a Основы информационных технологий 
320 |a Библиогр.: с. 315-319. 
330 |a Данная книга является отдельной частью серии книг автора, посвященной вопросам телекоммуникаций. В книге изложены основные вопросы работающих сегодня сетей и станций. Это — общедоступная сеть, интеллектуальные сети, сети ОКС. В них включено описание коммутационных полей, архитектура станций, алгоритмы и принципы построения программного обеспечения, сигнализация. Рассмотрены основные принципы технической эксплуатации, синхронизации сетей и станций, обеспечение электропитания. Книга предназначена для организации курсов Интернет-образования, а также для преподавателей, студентов и аспирантов, разработчиков программного и аппаратного обеспечения. 
606 1 |a Телекоммуникации  |2 stltpush  |3 (RuTPU)RU\TPU\subj\67470  |9 83255 
610 1 |a телекоммуникационные станции 
610 1 |a коммутационные поля 
610 1 |a программное обеспечение 
610 1 |a линейные сигналы 
610 1 |a управляющие сигналы 
610 1 |a синхронная передача 
610 1 |a асинхронная передача 
610 1 |a синхронизация 
610 1 |a электропитание 
610 1 |a техническое обслуживание 
610 1 |a эксплуатация 
610 1 |a администрирование 
610 1 |a телефонные сети 
610 1 |a учебные пособия 
675 |a 621.39(075.8)  |v 3 
700 1 |a Берлин  |b А. Н.  |g Александр Наумович 
801 1 |a RU  |b 63413507  |c 20090123  |g PSBO 
801 2 |a RU  |b 63413507  |c 20100520  |g PSBO 
900 |a Телекоммуникационные системы и технологии 
900 |a Информационные сети и телекоммуникации 
942 |c BK 
959 |a 4/20090113  |d 1  |e 220,00  |f ЧЗТЛ:1